000 00601nam a2200241Ia 4500
003 OSt
005 20221005062524.0
006 a|||||r|||| 00| 0
007 ta
008 221004b |||||||| |||| 00| 0 eng d
024 _a45400
037 _cTextual
040 _aCRL
_cCRL
_beng
041 _2eng
_aeng
082 _aQ0aY:1.1, M4
100 _aBeyer Peter
_921396
245 0 _aReligion and globalization
260 _aLondon
_bSage
_c1994
300 _a250p
_ccm.
650 _aRELIGION
942 _hQ0aY:1.1, M4
_cTEXL
_2cc
999 _c969823
_d969823